000 00788nam a2200253Ia 4500
003 OSt
005 20220923211059.0
006 a|||||r|||| 00| 0
007 ta
008 Pun
020 _a8178561255 (hbk)
024 _a232,659
037 _cTextual
040 _aARTS
_cARTS
_bPun
041 _2Pun
_aPun
082 _aO153,1:g(S), P5
100 _aਕਾਂਗ, ਕੁਲਬੀਰ ਸਿੰਘ
_9157966
245 0 _aਟੱੁਟਦੇ ਜੁੜਦੇ ਤਾਰੇ
260 _aਅੰਮ੍ਰਿਤਸਰ
_b ਵਾਰਿਸ Fਾਹ ਫਾਊ੍ਵਡੇFਨ
_c2005
300 _a103ਪੰ
_ccm.
650 _aਪੰਜਾਬੀ ਸਾਹਿਤ
942 _hO153,1:g(S), P5
_cTEXL
_2CC
999 _c294937
_d294937